000 01143nam a22002295i 4500
001 160180
003 ES-MaACL
005 20251003063140.0
008 991029s1883 sp |||| | spa d
100 1 _aMoreno Zancudo, Eduardo,
_d1853-1908
_9158923
245 1 0 _aAlgas termales
_b: descripción micrográfica de algunas especies presentadas en la Exposición de Minería, Aguas Minerales, etc. /
_cpor Eduardo Moreno.
260 _aMadrid :
_b[s.n.],
_c1883 (
_fEstab. Tip. de M. Minuesa)
300 _a44 p. :
_bil. ;
_c25 cm.
530 _aDisponible en formato digital.
650 4 _aAlgas.
_9135551
650 7 _aAguas minerales
_2embne
_9135517
711 2 _aExposición Nacional de Minería, Artes Metalúrgicas, Cerámica, Cristalería y Aguas Minerales (
_d1883.
_cMadrid)
_9707
852 _aES-MaACL
_jT-383-F-17
_z- Enc. hol., falto de cub. original
_z- Enc. en un vol. facticio
852 _aES-MaACL
_jT-437-F-12
_z- Enc. hol., falto de cub. original
_z- Enc. en un vol. facticio
856 _uhttp://bipadi.ub.edu/cdm/ref/collection/balnearis/id/61939
_zUniversitat de Barcelona
999 _c160180
_d160180